Obchodně technické služby jako součást zahraničně obchodní činnosti

Guardado en:
Detalles Bibliográficos
Autor principal: Polák, Vladimír
Formato: Libro
Lenguaje:checo
Publicado: Praha Československá obchodní a průmyslová komora 1984
Colección:Otázky obchodní techniky
Etiquetas: Agregar Etiqueta
Sin Etiquetas, Sea el primero en etiquetar este registro!

MARC

LEADER 00000nam a2200000 4500
001 c111069
005 20250515081427.2
041 0 |a cze 
044 |a CZ 
245 1 0 |a Obchodně technické služby jako součást zahraničně obchodní činnosti  |c Vladimír Polák 
264 1 |a Praha  |b Československá obchodní a průmyslová komora  |c 1984 
300 |a 71 s. 
490 1 |a Otázky obchodní techniky 
830 0 |a Otázky obchodní techniky 
100 1 |a Polák, Vladimír